Os maiores brasileiros de todos os tempos - SBT - Statistics

Estatísticas Gerais
  • Esse quiz foi jogado 166 vezes
  • A pontuação média é 12 de 50
Estatísticas das Respostas
Personalidades Resposta % Correto
12°lugar Pelé
86%
10°lugar Lula
78%
20°lugar Neymar
65%
5°lugar Getúlio Vargas
62%
27°lugar Dom Pedro II
59%
15°lugar Ronaldo
59%
4°lugar Ayrton Senna
53%
8°lugar Fernando Henrique Cardoso
50%
33°lugar Dilma
48%
18°lugar Roberto Carlos
44%
3°lugar Santos Dumont
42%
40°lugar Xuxa
42%
2°lugar Princesa Isabel
36%
41°lugar Machado de Assis
34%
1°lugar Chico Xavier
29%
44°lugar Elis Regina
25%
49°lugar Gugu
25%
43°lugar Ivete Sangalo
24%
42°lugar Luan Santana
23%
19°lugar José Alencar
22%
11°lugar Oscar Niemeyer
22%
34°lugar Tancredo Neves
21%
9°lugar Tiradentes
21%
23°lugar Frei Galvão
17%
35°lugar Luciano Huck
16%
30°lugar Renato Russo
16%
38°lugar Renato Aragão
15%
13°lugar Edir Macedo
14%
39°lugar Rodrigo Faro
14%
7°lugar Irmã Dulce
13%
47°lugar Leonel Brizola
12%
46°lugar Raul Seixas
12%
26°lugar Silas Malafaia
11%
14°lugar Chico Anysio
10%
29°lugar Luiz Gonzaga
10%
50°lugar Rogério Ceni
10%
22°lugar Ruy Barbosa
10%
32°lugar Padre Cícero
9%
28°lugar Chico Mendes
8%
16°lugar Dercy Gonçalves
8%
21°lugar Eike Batista
7%
6°lugar Juscelino Kubistchek
7%
25°lugar Osvaldo Cruz
7%
48°lugar Tiririca
7%
45°lugar Visconde de Mauá
7%
36°lugar Valdemiro Santiago
5%
17°lugar Zilda Arns
5%
31°lugar Betinho
4%
24°lugar Manuel Jacinto Coelho
4%
37°lugar Helder Camara
2%
Nenhum quiz correspondente encontrado
Distribuição das Pontuações
Porcentagem de Pessoas com Cada Pontuação
Percentil de Números Respondidos
Sua Pontuação Histórica
Você não jogou esse quiz